000 00637nam a2200229Ia 4500
003 OSt
005 20220925195518.0
006 a|||||r|||| 00| 0
007 ta
008 220923b |||||||| |||| 00| 0 eng d
037 _cGeneral Book
040 _aRTL
_cRTL
_beng
041 _2eng
_aeng
082 _aX.73.N6, K8
100 _aSeligman Ben B
_9254785
245 0 _aEconomics of disent
260 _aChicago
_bQuadrangle Books
_c1968
300 _axviii,429p.
_ccm.
650 _aUnited States Economic Conditions
_9230667
942 _hX.73.N6, K8
_cGB
_2CC
999 _c533233
_d533233